000 00771 a2200169 4500
999 _c1970
_d1970
020 _a9221109267
050 _aHD8380 JOB 1997
100 _aInternational Labour Office.; ILO/UNDP Programme on Employment Generation and Poverty Reduction
_eauthor
110 _aInternational Labour Office.; ILO/UNDP Programme on Employment Generation and Poverty Reduction
245 _aJobs For Africa :
_bTowards a programme of action
_cInternational Labour Office.; ILO/UNDP Programme on Employment Generation and Poverty Reduction
264 _aGeneva
_bInternational Labour Organization
_c1997
300 _a97p. :
500 _aA publication of The International Labour Organisation
650 _aLabor policy
_xLabor supply
651 _aAfrica
942 _2lcc
_cBK
_h8380
_iJOB
_kHD